Diccionario enciclopédico ilustrado : de la lengua española

Bibliographic Details
Main Author: Sopena, Ramón
Format: Section = Libro
Language:Undetermined
Spanish
Published: Barcelona Ramón Sopena 1975
Subjects:
LEADER 00526nam a2200181Ia 4500
008 240829s9999 xx 000 0 und d
040 |a BIBLIOTECA-RUPAP Ref 463 S712 
041 |a spa 
082 |a Ref 463 S712 
100 1 |a Sopena, Ramón 
245 1 0 |a Diccionario enciclopédico ilustrado : de la lengua española 
260 |a Barcelona  |b Ramón Sopena  |c 1975 
300 |a p. irreg. :il. 
650 7 |a ENCICLOPEDIA Y DICCIONARIO 
650 7 |b  ESPAÑOL-DICCIONARIO. I. Tít. 
942 |c BK  |2 ddc 
991 |a TEXTO 
999 |c 10333